[Event "Steyr Landesliga 1617"]
[Site "Austria"]
[Date "2017.01.21"]
[Round "6.6"]
[White "Groinig, Juergen"]
[Black "Reinwald, Patrick"]
[Result "0-1"]
[WhiteElo "1698"]
[BlackElo "2137"]
[PlyCount "80"]
[EventDate "2016.10.01"]
[EventType "team-tourn"]
[EventRounds "11"]
[EventCountry "AUT"]
[SourceTitle "EXT 2018"]
[Source "ChessBase"]
[SourceDate "2017.10.13"]
[SourceVersion "1"]
[SourceVersionDate "2017.10.13"]
[SourceQuality "1"]
[WhiteTeam "Trofaiach Niklasdorf"]
[BlackTeam "Pinggau Friedberg"]
[WhiteTeamCountry "AUT"]
[BlackTeamCountry "AUT"]

1. e4 e5 2. Nf3 Nc6 3. Bb5 a6 4. Ba4 Nf6 5. 0-0 b5 6. Bb3 Bc5 7. d3 d6 8. h3 h6 9. Nbd2 0-0 10. c3 Bb6 11. Bc2 d5 12. Re1 Re8 13. a4 Rb8 14. b3 Be6 15. Bb2 dxe4 16. Nxe4 Nxe4 17. dxe4 Qf6 18. axb5 axb5 19. Qe2 Ne7 20. Ra6 Ng6 21. Nh2 Nf4 22. Qf3 Red8 23. Bc1 Bc8 24. Ra2 g5 25. Be3 Be6 26. Ra6 Bc8 27. Ra2 Kg7 28. Bxb6 Rxb6 29. Qe3 Rbd6 30. Nf3 h5 31. Nh2 Rd2 32. Nf1 R2d6 33. Ra8 g4 34. hxg4 hxg4 35. Qg3 Rh8 36. f3 Qh6 37. c4 Rg6 38. Kf2 gxf3 39. Qxf3 Rxg2+ 40. Ke3 Qb6+ 0-1

[Event "Steyr Landesliga 1617"]
[Site "Austria"]
[Date "2016.10.29"]
[Round "3.7"]
[White "Groinig, Juergen"]
[Black "Rattinger, Thomas"]
[Result "1/2-1/2"]
[WhiteElo "1698"]
[BlackElo "1888"]
[PlyCount "126"]
[EventDate "2016.10.01"]
[EventType "team-tourn"]
[EventRounds "11"]
[EventCountry "AUT"]
[SourceTitle "CBM 175 Extra"]
[Source "ChessBase"]
[SourceDate "2016.12.12"]
[SourceVersion "1"]
[SourceVersionDate "2016.12.12"]
[SourceQuality "1"]
[WhiteTeam "Trofaiach Niklasdorf"]
[BlackTeam "Ratten Krieglach"]
[WhiteTeamCountry "AUT"]
[BlackTeamCountry "AUT"]

1. e4 c5 2. Nf3 Nc6 3. d4 cxd4 4. Nxd4 Nf6 5. Nc3 e5 6. Nf3 Bb4 7. Bd3 d5 8. exd5 Qxd5 9. Be2 Qxd1+ 10. Bxd1 Ne4 11. Bd2 Nxd2 12. Nxd2 0-0 13. Nce4 f5 14. a3 Ba5 15. Nc5 Bxd2+ 16. Kxd2 Rd8+ 17. Ke1 b6 18. Nb3 Be6 19. Be2 a5 20. Bb5 Rd6 21. Rd1 Rad8 22. Rxd6 Rxd6 23. h4 Kf7 24. Rh3 e4 25. Rc3 Ne5 26. Rc7+ Kf6 27. Nd2 h6 28. Nf1 g5 29. hxg5+ hxg5 30. Ng3 Bd7 31. Bxd7 Nxd7 32. Ke2 Ke5 33. b4 axb4 34. axb4 Nf6 35. Rg7 Rc6 36. Kd2 Rd6+ 37. Ke1 Kf4 38. Rg6 Ne8 39. Rg8 Nc7 40. Rf8 Rd5 41. c4 Re5 42. Nh5+ Kg4 43. Nf6+ Kf4 44. Ke2 Re6 45. Nd7 e3 46. g3+ Kg4 47. fxe3 Kxg3 48. Rxf5 g4 49. c5 bxc5 50. Nxc5 Rb6 51. Nd3 Ra6 52. Ra5 Rb6 53. e4 Nb5 54. Ke3 Nc3 55. Ra3 Nb5 56. Rb3 Kh2 57. Nf4 Kg3 58. e5 Nd4 59. Rb1 Nc2+ 60. Ke4 Rxb4+ 61. Rxb4 Nxb4 62. e6 Nc6 63. Ne2+ Kf2 1/2-1/2

[Event "Steyr Landesliga 1516"]
[Site "Austria"]
[Date "2016.01.23"]
[Round "6.7"]
[White "Groinig, Juergen"]
[Black "Insam, Heinz"]
[Result "0-1"]
[WhiteElo "1793"]
[BlackElo "2216"]
[PlyCount "38"]
[EventDate "2015.09.26"]
[EventType "team-tourn"]
[EventRounds "11"]
[EventCountry "AUT"]
[SourceTitle "CBM 170 Extra"]
[Source "ChessBase"]
[SourceDate "2016.02.25"]
[SourceVersion "1"]
[SourceVersionDate "2016.02.25"]
[SourceQuality "1"]
[WhiteTeam "Trofaiach Niklasdorf"]
[BlackTeam "Pinggau Friedberg"]
[WhiteTeamCountry "AUT"]
[BlackTeamCountry "AUT"]

1. e4 e5 2. Nf3 Qe7 3. Nc3 Nf6 4. Bc4 d6 5. h3 h6 6. d3 c6 7. 0-0 g5 8. Nh2 Bg7 9. a3 Nbd7 10. b4 Nf8 11. Bb2 Ng6 12. Ne2 h5 13. Ng3 g4 14. Nf5 Bxf5 15. exf5 Nf4 16. hxg4 hxg4 17. Nxg4 Nxg4 18. Qxg4 Qh4 19. Qxh4 Ne2+ 0-1

[Event "Steyr Landesliga 1516"]
[Site "Austria"]
[Date "2015.11.07"]
[Round "4.7"]
[White "Groinig, Juergen"]
[Black "Weinberger, Simon"]
[Result "0-1"]
[WhiteElo "1793"]
[BlackElo "2013"]
[PlyCount "92"]
[EventDate "2015.09.26"]
[EventType "team-tourn"]
[EventRounds "11"]
[EventCountry "AUT"]
[SourceTitle "CBM 170 Extra"]
[Source "ChessBase"]
[SourceDate "2016.02.25"]
[SourceVersion "1"]
[SourceVersionDate "2016.02.25"]
[SourceQuality "1"]
[WhiteTeam "Trofaiach Niklasdorf"]
[BlackTeam "Graz Styria"]
[WhiteTeamCountry "AUT"]
[BlackTeamCountry "AUT"]

1. e4 c5 2. Nf3 d6 3. d4 cxd4 4. Nxd4 Nf6 5. Nc3 a6 6. Be2 e5 7. Nf3 Be7 8. 0-0 0-0 9. h3 b5 10. a3 Bb7 11. Bd3 Nbd7 12. Be3 Rc8 13. Re1 Rc7 14. Nh2 Qa8 15. f3 Nc5 16. Ng4 Nh5 17. Qd2 Ne6 18. Bb6 Rc6 19. Nd5 Bh4 20. Bf2 Bxf2+ 21. Qxf2 Qd8 22. Qa7 Qd7 23. Nb6 Rxb6 24. Qxb6 Nhf4 25. Ne3 g6 26. Ng4 Kg7 27. Rad1 h5 28. Ne3 Ng5 29. Bf1 Rd8 30. Nd5 Bxd5 31. exd5 Nfxh3+ 32. gxh3 Nxf3+ 33. Kg2 Nxe1+ 34. Rxe1 Rc8 35. c3 Rc5 36. Rd1 Qe7 37. Kh2 e4 38. Bg2 f5 39. Rd4 e3 40. Rd1 h4 41. Bf3 e2 42. Re1 Qe5+ 43. Kh1 Qg3 44. Rxe2 Qxf3+ 45. Rg2 Rxd5 46. Qf2 Qxh3+ 0-1

[Event "Steyr Landesliga 1415"]
[Site "Austria"]
[Date "2014.11.08"]
[Round "4.6"]
[White "Gutmann, Alois"]
[Black "Groinig, Juergen"]
[Result "1-0"]
[WhiteElo "2044"]
[BlackElo "1816"]
[PlyCount "43"]
[EventDate "2014.09.27"]
[EventType "team-tourn"]
[EventRounds "11"]
[EventCountry "AUT"]
[SourceTitle "EXT 2016"]
[Source "ChessBase"]
[SourceDate "2015.10.08"]
[SourceVersion "1"]
[SourceVersionDate "2015.10.08"]
[SourceQuality "1"]
[WhiteTeam "Feldbach Kirchberg"]
[BlackTeam "Trofaiach Niklasdorf"]
[WhiteTeamCountry "AUT"]
[BlackTeamCountry "AUT"]

1. Nc3 Nf6 2. e4 d6 3. d4 g6 4. Bc4 Bg7 5. f3 0-0 6. Be3 Nc6 7. Nge2 a6 8. a4 b6 9. Qd2 e5 10. 0-0 exd4 11. Nxd4 Ne5 12. Ba2 Bd7 13. Bg5 Qe8 14. Rfe1 Nc6 15. Nd5 Nxd5 16. Nxc6 Bxb2 17. exd5 Bxa1 18. Rxe8 Rfxe8 19. c3 Bxc6 20. Bf6 Bxc3 21. Bxc3 Bxa4 22. Qd4 1-0